000 00478nam a22001697a 4500
008 151020b xxu||||| |||| 00| 0 eng d
020 _a9781111633363
020 _a1111633363
041 0 _aeng
080 _a339.138
245 1 0 _aMarketing strategy:
_cO. C. Ferrell; Michael Hartline;
260 _aOhio:
_bCengage learning;
_c2011.
300 _a743 f.:
_bme il.;
_c24 cm.
650 0 _aMarketing
650 0 _aStrategji
942 _2udc
_cBK
999 _c1319
_d1319